MARC

LEADER 00000nam0a2200000 4500
001 288363
005 20231102000100.0
020 |a RU  |b 85-69403 
035 |a (RuTPU)RU\TPU\book\312829 
090 |a 288363 
100 |a 20150324d1984 k y0rusy5003 ca 
101 0 |a rus 
102 |a RU 
105 |a a z 001zy 
200 1 |a Автоматизация обработки сложной графичесой информации  |e межвузовский сборник  |f Горьковский государственный университет им. Н. И. Лобачевского (ГГУ) ; под ред. Ю. Г. Васина 
210 |a Горький  |c Изд-во Горьковского ун-та  |d 1984 
215 |a 257 с.  |c ил. 
606 |a Графическая информация  |x Обработка на вычислительных машинах  |2 stltpush  |3 (RuTPU)RU\TPU\subj\8586  |9 35967 
610 1 |a анализ 
610 1 |a алгоритмы 
610 1 |a машинная графика 
610 1 |a экранирование 
610 1 |a кривая Гильберта 
610 1 |a детали 
610 1 |a распознавание 
610 1 |a представление 
610 1 |a построение 
675 |a 681.327.1  |v 3 
702 1 |a Васин  |b Ю. Г.  |4 340 
712 0 2 |a Горьковский государственный университет им. Н. И. Лобачевского (ГГУ)  |2 stltpush  |3 (RuTPU)RU\TPU\col\2603 
801 0 |a RU  |b RuMRKP  |c 19950704  |g psbo 
801 1 |a RU  |b 63413507  |c 20150324 
801 2 |a RU  |b 63413507  |c 20171201  |g RCR 
942 |c BK